La vida literaria de México: y la literatura mexicana durante la guerra de la independencia

Wedi'i Gadw mewn:
Manylion Llyfryddiaeth
Prif Awdur: Urbina, Luis Gonzaga (Awdur)
Fformat: Llyfr
Iaith:Sbaeneg
Cyhoeddwyd: Ciudad de México Porrua 1946
Cyfres:Colección de Escritos Mexicanos
Pynciau:
Tagiau: Ychwanegu Tag
Dim Tagiau, Byddwch y cyntaf i dagio'r cofnod hwn!

MARC

LEADER 00000nam a2200000 a 4500
001 UCX5330
003 CL-VaPUC
008 921023e19460000MX |||||||||||||||||spa|d
082 0 4 |a Me860.9  |b URB  |2 21 
100 0 |a Urbina, Luis Gonzaga  |e author  |9 321602 
245 1 3 |a La vida literaria de México: y la literatura mexicana durante la guerra de la independencia 
300 |a 403 p 
942 |c BK 
945 |d 19921023 00:00:00 
260 |a Ciudad de México  |b Porrua  |c 1946 
650 0 |a Literatura mexicana  |9 313097 
650 0 |a Historia y crítica   |9 257407 
583 |a last modification  |c 19921023 00:00:00  |k Rodrigo Vera 
490 0 |a Colección de Escritos Mexicanos 
999 |c 225610  |d 225608 
952 |0 0  |1 0  |4 0  |6 ME_860_900000000000000_URB_1946  |7 0  |8 A  |9 223290  |a BIBEDU  |b BIBEDU  |d 2019-11-15  |i 2921065  |o Me860.9 URB 1946  |p 2921065  |r 2019-11-15  |w 2019-11-15  |y BK  |k LIT